header

The "backwards" research guide for writers (Record no. 8109)

MARC details
000 -LEADER
fixed length control field 01823nam a2200385 a 4500
001 - CONTROL NUMBER
control field ebr10697010
003 - CONTROL NUMBER IDENTIFIER
control field CaPaEBR
006 - FIXED-LENGTH DATA ELEMENTS--ADDITIONAL MATERIAL CHARACTERISTICS--GENERAL INFORMATION
fixed length control field m o u
007 - PHYSICAL DESCRIPTION FIXED FIELD--GENERAL INFORMATION
fixed length control field cr cn|||||||||
008 - FIXED-LENGTH DATA ELEMENTS--GENERAL INFORMATION
fixed length control field 100104s2011 enkac sbf 001 0 eng d
010 ## - LIBRARY OF CONGRESS CONTROL NUMBER
Canceled/invalid LC control number 2009054037
020 ## - INTERNATIONAL STANDARD BOOK NUMBER
Cancelled/invalid ISBN 9781845534417
Cancelled/invalid ISBN 9781845534424 (pbk.)
040 ## - CATALOGING SOURCE
Original cataloging agency CaPaEBR
Transcribing agency CaPaEBR
035 ## - SYSTEM CONTROL NUMBER
System control number (OCoLC)838124281
050 14 - LIBRARY OF CONGRESS CALL NUMBER
Classification number PE1404
Item number .H83 2011eb
082 04 - DEWEY DECIMAL CLASSIFICATION NUMBER
Classification number 808/.0420711
Edition number 22
100 1# - MAIN ENTRY--PERSONAL NAME
Personal name Huber, Sonya,
Dates associated with a name 1971-
245 15 - TITLE STATEMENT
Title The "backwards" research guide for writers
Medium [electronic resource] :
Remainder of title using your life for reflection, connection, and inspiration /
Statement of responsibility, etc Sonya Huber.
260 ## - PUBLICATION, DISTRIBUTION, ETC. (IMPRINT)
Place of publication, distribution, etc Sheffield ;
-- Oakville :
Name of publisher, distributor, etc Equinox Pub.,
Date of publication, distribution, etc 2011.
300 ## - PHYSICAL DESCRIPTION
Extent xvi, 341 p. :
Other physical details ill., ports.
490 1# - SERIES STATEMENT
Series statement Frameworks for writing
504 ## - BIBLIOGRAPHY, ETC. NOTE
Bibliography, etc Includes bibliographical references (p. [331]-335) and indexes.
505 0# - FORMATTED CONTENTS NOTE
Formatted contents note section 1. Research: an inside job -- section 2. The inside meets the outside: paying attention as research -- section 3. Big Bang: form and structured chaos in research -- section 4. Open minds invite surprises.
533 ## - REPRODUCTION NOTE
Type of reproduction Electronic reproduction.
Place of reproduction Palo Alto, Calif. :
Agency responsible for reproduction ebrary,
Date of reproduction 2013.
Note about reproduction Available via World Wide Web.
-- Access may be limited to ebrary affiliated libraries.
650 #0 - SUBJECT ADDED ENTRY--TOPICAL TERM
Topical term or geographic name as entry element English language
General subdivision Rhetoric
-- Study and teaching (Higher)
Topical term or geographic name as entry element Research
General subdivision Methodology
-- Study and teaching (Higher)
Topical term or geographic name as entry element Academic writing
General subdivision Study and teaching (Higher)
Topical term or geographic name as entry element Report writing
General subdivision Study and teaching (Higher)
Topical term or geographic name as entry element College teaching
Form subdivision Handbooks, manuals, etc.
655 #7 - INDEX TERM--GENRE/FORM
Genre/form data or focus term Electronic books.
Source of term local
710 2# - ADDED ENTRY--CORPORATE NAME
Corporate name or jurisdiction name as entry element ebrary, Inc.
830 #0 - SERIES ADDED ENTRY--UNIFORM TITLE
Uniform title Frameworks for writing.
856 40 - ELECTRONIC LOCATION AND ACCESS
Uniform Resource Identifier <a href="http://site.ebrary.com/lib/rucke/Doc?id=10697010">http://site.ebrary.com/lib/rucke/Doc?id=10697010</a>
Public note An electronic book accessible through the World Wide Web; click to view

No items available.

© 2026 Rongo University
Contact us: librarian | system librarian | Rongo university